[Event "19th Dubai Open 2017"]
[Site "Dubai UAE"]
[Date "2017.04.06"]
[Round "4.34"]
[White "El Jawich, Amro"]
[Black "Shyaamnikhil, P"]
[Result "0-1"]
[WhiteTitle "FM"]
[BlackTitle "IM"]
[WhiteElo "2259"]
[BlackElo "2454"]
[WhiteFideId "5300380"]
[BlackFideId "5024218"]
[EventDate "2017.04.03"]

1. e4 c5 2. Nf3 Nc6 3. d4 cxd4 4. Nxd4 Qb6 5. Nb3 Nf6 6. Nc3 e6 7. a3 a6 8. f4
d6 9. Qf3 Qc7 10. g4 b5 11. Bg2 Bb7 12. g5 Nd7 13. O-O Nb6 14. Qh3 Qd7 15. Rd1
Qc8 16. f5 Be7 17. g6 fxg6 18. fxe6 O-O 19. Nd5 Bd8 20. Nxb6 Bxb6+ 21. Be3 Qc7
22. c3 Rae8 23. Bxb6 Qxb6+ 24. Nd4 Bc8 25. Qg3 Ne5 26. Rf1 Bxe6 27. Rxf8+ Rxf8
28. Rf1 Re8 29. h3 Bc8 30. Kh2 Qd8 31. Rf2 Qe7 32. Nf3 Nf7 33. Re2 Bb7 34. Nd4
Ne5 35. Nf3 Nc4 36. b3 Ne5 37. Nxe5 dxe5 38. a4 bxa4 39. bxa4 Qa3 40. Rf2 Qxa4
41. Qf3 Qd7 42. Bf1 Qe7 43. Bc4+ Kh8 44. Bd5 Bxd5 45. exd5 e4 46. Qg3 e3 47. Re2
Qe4 48. c4 Qxc4 49. Qf3 Qd3 50. Kg2 h6 0-1

[Event "19th Dubai Open 2017"]
[Site "Dubai UAE"]
[Date "2017.04.06"]
[Round "4.36"]
[White "Viani, Antonio Dcunha"]
[Black "Dodeja, Pawan"]
[Result "1/2-1/2"]
[WhiteTitle "IM"]
[WhiteElo "2410"]
[BlackElo "2235"]
[WhiteFideId "5027330"]
[BlackFideId "5012686"]
[EventDate "2017.04.03"]

1. e4 c6 2. d4 d5 3. Nc3 dxe4 4. Nxe4 Bf5 5. Ng3 Bg6 6. h4 h6 7. Nf3 Nd7 8. h5
Bh7 9. Bd3 Bxd3 10. Qxd3 e6 11. Bd2 Ngf6 12. O-O-O Be7 13. Kb1 Qb6 14. Rhe1 O-O
15. Nf5 Rfe8 16. Nxh6+ gxh6 17. Bxh6 Bf8 18. Qd2 Qb4 19. Qg5+ Kh7 20. Bxf8 Qxf8
21. g4 Qh6 22. Qxh6+ Kxh6 23. g5+ Kxh5 24. gxf6 Kg6 25. Ne5+ Nxe5 26. dxe5 Rad8
27. c4 Kf5 28. Kc2 c5 29. Kc3 Rh8 30. Rxd8 Rxd8 31. b4 b6 32. bxc5 bxc5 33. a4
Rd7 34. a5 Rb7 35. Re2 Rb4 36. Rd2 Ra4 37. Rd7 Rxa5 38. Rxf7 Kxe5 39. f4+ Kf5
40. Rf8 Ra3+ 41. Kc2 Rf3 42. f7 Kf6 43. Rc8 Kxf7 44. Rxc5 Rxf4 45. Rc7+ Ke8 46.
Rxa7 Rxc4+ 47. Kd3 Rc5 48. Ke4 Rd5 49. Rb7 Rd7 50. Rxd7 1/2-1/2

[Event "19th Dubai Open 2017"]
[Site "Dubai UAE"]
[Date "2017.04.06"]
[Round "4.37"]
[White "Rayes, Abdul Kader"]
[Black "Dimakiling, Oliver"]
[Result "0-1"]
[BlackTitle "IM"]
[WhiteElo "2232"]
[BlackElo "2406"]
[WhiteFideId "7600801"]
[BlackFideId "5202248"]
[EventDate "2017.04.03"]

1. e4 g6 2. d4 Bg7 3. Nc3 c6 4. Nf3 d6 5. h3 Qc7 6. Be3 Nd7 7. a4 Ngf6 8. a5 O-O
9. Qb1 c5 10. d5 a6 11. Be2 Re8 12. Qa2 b5 13. axb6 Nxb6 14. O-O e6 15. dxe6
Bxe6 16. Qa5 Qb8 17. Nd2 Nfd7 18. Rfb1 Ne5 19. Na4 Nbd7 20. Nc3 Nc6 21. Qa4 Nb4
22. Bd1 a5 23. Bf4 Ne5 24. Qb5 Qc7 25. Qf1 f5 26. exf5 Bxf5 27. Rc1 d5 28. Bg3
d4 29. Na4 Rac8 30. Nc4 Re6 31. Ra3 Qe7 32. Nxe5 Bxe5 33. Kh2 Bf6 34. Qc4 Kg7
35. Bg4 Bxg4 36. hxg4 h5 37. gxh5 Rh8 38. Bf4 g5 39. Nxc5 Rxh5+ 40. Rh3 Rxh3+
41. gxh3 Rc6 42. Bg3 Rxc5 43. Qb3 d3 44. c3 Qe2 45. Rg1 Be5 46. Rg2 d2 47. cxb4
d1=Q 48. Qxd1 Qxd1 49. bxc5 Bxb2 50. f4 Bd4 51. c6 Qc1 52. fxg5 Qxc6 53. h4 Kg6
54. Re2 Qf3 55. Re6+ Kf5 56. Re1 0-1

[Event "19th Dubai Open 2017"]
[Site "Dubai UAE"]
[Date "2017.04.06"]
[Round "4.38"]
[White "Iniyan, P"]
[Black "Jayakumaar, S"]
[Result "1/2-1/2"]
[WhiteElo "2399"]
[BlackElo "2229"]
[WhiteFideId "25002767"]
[BlackFideId "5090997"]
[EventDate "2017.04.03"]

1. Nf3 d5 2. g3 Nf6 3. Bg2 c6 4. O-O Bf5 5. d3 h6 6. Nbd2 e6 7. b3 Be7 8. Bb2
O-O 9. c4 Nbd7 10. a3 a5 11. Bc3 Bh7 12. b4 axb4 13. axb4 Qc7 14. Qb3 e5 15. Bb2
e4 16. dxe4 dxe4 17. Nd4 c5 18. Nb5 Qb6 19. bxc5 Nxc5 20. Qe3 Nd5 21. cxd5 Qxb5
22. Ba3 Rfc8 23. h4 Qd7 24. Rfd1 Bf6 25. Rac1 Na4 26. Rxc8+ Rxc8 27. Bxe4 Nc3
28. Bxh7+ Kxh7 29. Qd3+ Kg8 30. Rc1 Ra8 31. Rxc3 Bxc3 32. Qxc3 Qxd5 33. Bb2 f6
34. e4 Qc6 35. Qb3+ Kh8 36. e5 fxe5 37. Nf3 Rf8 38. Nxe5 Qe4 39. Qc3 Qb1+ 40.
Kg2 Qe4+ 41. f3 Qf5 42. Qb3 Rc8 43. Qxb7 Qc2+ 44. Kh3 Rc7 45. Qb4 h5 46. g4
hxg4+ 47. Kxg4 Qg2+ 48. Kh5 Qc2 49. Ng6+ Kh7 50. Qe4 Rc5+ 51. Ne5+ Qxe4 52. fxe4
Rc2 53. Bd4 Re2 54. Nf3 g6+ 55. Kg5 Rxe4 56. Bf6 Re2 57. Bd4 Rg2+ 58. Kf4 Kh6
59. Bf6 Kh5 60. Bg5 Rf2 61. Bd8 Rg2 62. Ne5 Rd2 63. Be7 Rh2 64. Nf3 Re2 65. Bf6
Rg2 66. Bg5 Rf2 67. Kg3 Rxf3+ 68. Kxf3 1/2-1/2

[Event "19th Dubai Open 2017"]
[Site "Dubai UAE"]
[Date "2017.04.06"]
[Round "4.39"]
[White "Prithu, Gupta"]
[Black "D'Costa, Lorin A R"]
[Result "1/2-1/2"]
[BlackTitle "IM"]
[WhiteElo "2226"]
[BlackElo "2390"]
[WhiteFideId "46618546"]
[BlackFideId "409219"]
[EventDate "2017.04.03"]

1. e4 c6 2. Nc3 d5 3. Nf3 Bg4 4. h3 Bxf3 5. Qxf3 Nf6 6. d3 e6 7. Qg3 Nbd7 8. Be2
h5 9. O-O h4 10. Qh2 a6 11. Bf3 Be7 12. Bf4 Rc8 13. Rfe1 Kf8 14. Bd6 Bxd6 15.
Qxd6+ Qe7 16. Qxe7+ Kxe7 17. d4 dxe4 18. Nxe4 Rhd8 19. Rad1 b5 20. Nxf6 Nxf6 1/2-1/2

[Event "19th Dubai Open 2017"]
[Site "Dubai UAE"]
[Date "2017.04.08"]
[Round "5.1"]
[White "Areshchenko, Alexander"]
[Black "Santos Latasa, Jaime"]
[Result "0-1"]
[WhiteTitle "GM"]
[BlackTitle "IM"]
[WhiteElo "2686"]
[BlackElo "2565"]
[WhiteFideId "14109530"]
[BlackFideId "2293307"]
[EventDate "2017.04.03"]

1. e4 e5 2. Nf3 Nc6 3. Bc4 Bc5 4. O-O Nf6 5. d3 a6 6. a4 O-O 7. Bg5 h6 8. Bh4 g5
9. Bg3 d6 10. c3 Ba7 11. Na3 Qe7 12. Re1 Bg4 13. Nc2 Rad8 14. Ne3 Bxe3 15. Rxe3
Kg7 16. h3 Be6 17. Bxe6 Qxe6 18. d4 Ne7 19. d5 Qc8 20. Nxe5 dxe5 21. Bxe5 Ng6
22. Bxf6+ Kxf6 23. Qd4+ Ke7 24. e5 c5 25. Qe4 Nf4 26. Rd1 Rg8 27. e6 fxe6 28.
d6+ Kd7 29. Qh7+ Kc6 30. d7 Qc7 31. g3 Kb6 32. Kh2 Ka7 33. gxf4 gxf4 34. Rxe6
f3+ 35. Red6 Rg2+ 36. Kh1 Rxf2 37. b3 Rf1+ 38. Rxf1 Qxd6 39. Qe4 Rxd7 40. Qxf3
Qe5 41. b4 Rd2 42. Rf2 Rxf2 43. Qxf2 Qxc3 44. bxc5 Qxh3+ 45. Kg1 Qg4+ 46. Kh2
Qh5+ 47. Kg3 Qg6+ 48. Kh4 Kb8 49. Qh2+ Kc8 50. Qh3+ Kd8 51. Qc3 h5 52. Kh3 Kc7
53. Kh2 Kc6 54. Qf3+ Kxc5 55. Qxb7 Qc2+ 56. Kh3 Qf5+ 57. Kh2 Qf4+ 58. Kh3 Qg4+
59. Kh2 Qxa4 60. Qe7+ Kc4 61. Qe4+ Kb3 62. Qf3+ Ka2 63. Qe2+ Kb1 64. Qe1+ Kb2
65. Qe5+ Kb3 66. Qe3+ Ka2 67. Qe2+ Ka3 68. Qxh5 a5 69. Qc5+ Qb4 70. Qe3+ Ka2 71.
Qe6+ Ka1 72. Kh3 a4 73. Qe5+ Ka2 74. Qe2+ Qb2 75. Qe1 a3 76. Kg3 Qb3+ 77. Kh4
Qc4+ 78. Kh3 Kb2 79. Kh2 0-1

[Event "19th Dubai Open 2017"]
[Site "Dubai UAE"]
[Date "2017.04.08"]
[Round "5.2"]
[White "Mchedlishvili, Mikheil"]
[Black "Safarli, Eltaj"]
[Result "1/2-1/2"]
[WhiteTitle "GM"]
[BlackTitle "GM"]
[WhiteElo "2602"]
[BlackElo "2680"]
[WhiteFideId "13600966"]
[BlackFideId "13402129"]
[EventDate "2017.04.03"]

1. d4 Nf6 2. c4 g6 3. g3 c5 4. Nf3 cxd4 5. Nxd4 Bg7 6. Bg2 O-O 7. O-O d5 8. cxd5
Nxd5 9. Nb5 Be6 10. Nd4 Bc8 11. Nb5 Be6 12. Nd4 Bc8 13. Nb5 1/2-1/2

[Event "19th Dubai Open 2017"]
[Site "Dubai UAE"]
[Date "2017.04.08"]
[Round "5.5"]
[White "Adly, Ahmed"]
[Black "Sargissian, Gabriel"]
[Result "1/2-1/2"]
[WhiteTitle "GM"]
[BlackTitle "GM"]
[WhiteElo "2597"]
[BlackElo "2666"]
[WhiteFideId "10601619"]
[BlackFideId "13300881"]
[EventDate "2017.04.03"]

1. d4 Nf6 2. Bg5 d5 3. c4 e6 4. Nc3 Be7 5. e3 h6 6. Bh4 O-O 7. Bd3 Nbd7 8. Nf3
c5 9. O-O cxd4 10. exd4 dxc4 11. Bxc4 Nb6 12. Bb3 Bd7 13. Ne5 Bc6 14. Nxc6 bxc6
15. Rc1 Rc8 16. Na4 Nxa4 17. Bxa4 Nd5 18. Bxe7 Nxe7 19. b3 Nf5 20. Rxc6 Rxc6 21.
Bxc6 Qxd4 22. g3 Rc8 23. Qxd4 Nxd4 24. Be4 Kf8 25. Kg2 Ke7 26. Rd1 Nb5 27. Rd2
Nd6 28. Rc2 Rxc2 29. Bxc2 e5 30. Kf3 f5 1/2-1/2

[Event "19th Dubai Open 2017"]
[Site "Dubai UAE"]
[Date "2017.04.08"]
[Round "5.6"]
[White "Amin, Bassem"]
[Black "Can, Emre"]
[Result "1/2-1/2"]
[WhiteTitle "GM"]
[BlackTitle "GM"]
[WhiteElo "2663"]
[BlackElo "2578"]
[WhiteFideId "10601457"]
[BlackFideId "6302181"]
[EventDate "2017.04.03"]

1. e4 c5 2. d3 Nc6 3. g3 g6 4. Bg2 Bg7 5. f4 d6 6. Nf3 Nf6 7. O-O O-O 8. Nc3 Rb8
9. h3 b5 10. g4 b4 11. Ne2 a5 12. f5 c4 13. Be3 Ba6 14. Qd2 Ne5 15. Nxe5 dxe5
16. dxc4 Bxc4 17. Qxd8 Rfxd8 18. Rf2 Ne8 19. Ng3 Nd6 20. b3 Bb5 21. a3 Rdc8 22.
axb4 Rc3 23. Rf3 axb4 24. Bg5 Rxc2 25. Bxe7 Bf8 26. Bxf8 Kxf8 27. Rd1 Nb7 28.
Rd5 Rc5 29. fxg6 hxg6 30. Rf6 Rxd5 31. exd5 Nc5 32. d6 Kg7 33. g5 Bd7 34. h4 Be6
35. h5 Bxb3 36. h6+ Kg8 37. Ne4 Nd7 38. Rf2 Be6 39. Rb2 b3 40. Kf2 Rc8 41. Ke3
Nb6 42. Bf1 Na4 43. Rb1 Nc3 44. Nxc3 Rxc3+ 45. Ke4 Rc5 46. Rb2 Rc1 47. Bb5 Rc2
48. Rxb3 Rd2 49. Bd3 Rd1 50. Ra3 Re1+ 51. Kf3 Rd1 52. Ke3 Kh7 53. Ra6 Rg1 54.
Ra7 Rg3+ 55. Ke2 Rxg5 56. Rxf7+ Kxh6 57. Re7 Bg4+ 58. Ke3 Rh5 59. Bc4 Kg5 60.
Be6 Bxe6 61. Rxe6 Rh1 62. Ke4 Re1+ 63. Kd5 Kf5 64. Re8 Rd1+ 65. Kc6 Rc1+ 66. Kb6
Rb1+ 67. Kc7 Rc1+ 68. Kd8 e4 69. d7 Rd1 70. Kc7 Kf4 71. Re6 Rxd7+ 72. Kxd7 e3
73. Kd6 Kf3 74. Rf6+ Ke4 75. Kc5 e2 76. Rxg6 Kd3 77. Re6 Kd2 78. Rxe2+ Kxe2 1/2-1/2

[Event "19th Dubai Open 2017"]
[Site "Dubai UAE"]
[Date "2017.04.08"]
[Round "5.7"]
[White "Oleksiyenko, Mykhaylo"]
[Black "Fier, Alexandr"]
[Result "1/2-1/2"]
[WhiteTitle "GM"]
[BlackTitle "GM"]
[WhiteElo "2643"]
[BlackElo "2562"]
[WhiteFideId "4152417"]
[BlackFideId "2107139"]
[EventDate "2017.04.03"]

1. e4 c5 2. Nf3 e6 3. d4 cxd4 4. Nxd4 Nc6 5. Nc3 Qc7 6. Be2 Nf6 7. Be3 Be7 8. f4
d6 9. Qd2 a6 10. O-O-O O-O 11. g4 Nxd4 12. Qxd4 e5 13. Qd3 exf4 14. Bxf4 Be6 15.
g5 Nd7 16. Bxd6 Bxd6 17. Qxd6 Qa5 18. h4 Rac8 19. Nd5 Kh8 20. Kb1 Qa4 21. Bd3
Nc5 22. b3 Qd4 23. Bc4 Qf2 24. Qe5 b5 25. Rhf1 Qxh4 26. Rh1 Nd7 27. Rxh4 Nxe5
28. Ne7 g6 29. Nxc8 bxc4 30. Nd6 cxb3 31. axb3 Nf3 32. Rf4 Nxg5 33. e5 h5 34. c4
Kg7 35. Rd3 Nh3 36. Rff3 Ng5 37. Rf1 Bg4 38. Rc3 Ne6 39. c5 Nc7 40. c6 Be6 41.
Kb2 h4 42. Ne4 Rd8 43. Nd6 Bd5 44. Rg1 Rh8 45. Nf5+ Kf8 46. Ne3 Be6 47. Ng2 Nd5
48. Rc4 h3 49. c7 Ke7 50. Nh4 Rc8 51. Nf3 Rxc7 52. Rxc7+ Nxc7 53. Ng5 Nd5 54.
Kc2 Ne3+ 55. Kd3 h2 56. Re1 Ng4 57. Nxe6 Kxe6 58. Ke2 Nxe5 59. Kf2 Kd5 60. Kg3
a5 61. Ra1 Nc6 62. Kxh2 f5 63. Rg1 Ne5 64. Ra1 Nc6 65. Rg1 Nd4 66. Rxg6 Nxb3 67.
Kg3 Kc4 68. Kf4 Nd4 69. Ra6 Kb5 70. Rxa5+ Kxa5 71. Ke5 f4 72. Kxd4 f3 73. Ke3 f2
74. Kxf2 1/2-1/2

[Event "19th Dubai Open 2017"]
[Site "Dubai UAE"]
[Date "2017.04.08"]
[Round "5.9"]
[White "Yilmaz, Mustafa"]
[Black "Pichot, Alan"]
[Result "1-0"]
[WhiteTitle "GM"]
[BlackTitle "GM"]
[WhiteElo "2614"]
[BlackElo "2556"]
[WhiteFideId "6302718"]
[BlackFideId "110973"]
[EventDate "2017.04.03"]

1. d4 Nf6 2. c4 g6 3. Nc3 Bg7 4. e4 d6 5. Nf3 O-O 6. Be2 e5 7. O-O Nc6 8. d5 Ne7
9. b4 a5 10. bxa5 c5 11. a4 Rxa5 12. Bd2 Ne8 13. g3 Ra6 14. Rb1 f5 15. Ng5 Nc7
16. Nb5 fxe4 17. Nxe4 Nf5 18. Bd3 Nxb5 19. axb5 Ra3 20. Bc3 Nd4 21. Bxd4 exd4
22. Ra1 Rxa1 23. Qxa1 Bf5 24. Qb1 Bh6 25. Re1 Kg7 26. f4 Re8 27. Nf2 Re3 28.
Bxf5 gxf5 29. Rxe3 dxe3 30. Nd1 Qe8 31. Nc3 Kf6 32. Kg2 Bg7 33. Ne2 h5 34. h3
Qa8 35. Qd3 Qa2 36. Qxe3 Kg6 37. Qe8+ Kh7 38. Qxh5+ Kg8 39. Qe8+ Kh7 40. Qh5+
Kg8 41. Qe8+ Kh7 42. Qe6 Qxc4 43. Qxf5+ Kh8 44. Qc8+ Kh7 45. Qf5+ Kh8 46. Qh5+
Kg8 47. Qe8+ Kh7 48. Kf3 Qd3+ 49. Kg4 c4 50. Qh5+ Kg8 51. Qe8+ Kh7 52. Qe6 Qb3
53. Qe4+ Kh8 54. Qe8+ Kh7 55. Qe4+ Kh8 56. Kg5 Qxb5 57. Kg6 Qd7 58. Qe6 Qd8 59.
f5 Be5 60. f6 Qg8+ 61. Qxg8+ Kxg8 62. h4 b5 63. h5 b4 64. h6 b3 65. h7+ Kh8 66.
f7 Bg7 67. Nc3 b2 68. g4 Bf8 69. g5 Bg7 70. Nb1 Bf8 71. Nc3 Bg7 72. Kh5 Kxh7 73.
g6+ Kh8 74. Kg5 Bf8 75. Kf6 1-0

[Event "19th Dubai Open 2017"]
[Site "Dubai UAE"]
[Date "2017.04.08"]
[Round "5.10"]
[White "Vignesh, N R"]
[Black "Gupta, Abhijeet"]
[Result "1-0"]
[WhiteTitle "IM"]
[BlackTitle "GM"]
[WhiteElo "2411"]
[BlackElo "2607"]
[WhiteFideId "25012215"]
[BlackFideId "5010608"]
[EventDate "2017.04.03"]

1. e4 e6 2. d4 d5 3. Nd2 c5 4. exd5 Qxd5 5. Ngf3 cxd4 6. Bc4 Qd7 7. O-O Nc6 8.
Nb3 Nf6 9. Nbxd4 Nxd4 10. Nxd4 a6 11. Bg5 b5 12. Bb3 Bb7 13. Re1 Ne4 14. Bf4 Nc5
15. c3 Be7 16. Bc2 Bf6 17. Qg4 h5 18. Qg3 O-O-O 19. Rad1 Bd5 20. b4 Na4 21. c4
bxc4 22. Qa3 Nb6 23. Qxa6+ Qb7 24. Qa5 Be7 25. Nb5 Rd7 26. Be3 Bd8 27. Bc5 h4
28. Nd6+ Rxd6 29. Bxd6 Nd7 30. Qa3 Bb6 31. Bc5 h3 32. Rxd5 exd5 33. Bf5 Rd8 34.
Bxh3 Bxc5 35. bxc5 g6 36. Qa4 Kc7 37. Qa5+ Kc8 38. Bxd7+ Kxd7 39. c6+ Qxc6 40.
Qa7+ Kc8 41. Rb1 Qc7 42. Qa6+ Kd7 43. Rb7 Rc8 44. Rxc7+ Rxc7 45. Qf6 c3 46.
Qxf7+ Kc8 47. Qg8+ Kb7 48. Qxd5+ Kc8 49. Qa8+ Kd7 50. Qa4+ 1-0

[Event "19th Dubai Open 2017"]
[Site "Dubai UAE"]
[Date "2017.04.08"]
[Round "5.11"]
[White "Korobov, Anton"]
[Black "Sunilduth Lyna, Narayanan"]
[Result "1-0"]
[WhiteTitle "GM"]
[BlackTitle "GM"]
[WhiteElo "2695"]
[BlackElo "2551"]
[WhiteFideId "14105730"]
[BlackFideId "5058422"]
[EventDate "2017.04.03"]

1. d4 Nf6 2. c4 g6 3. Nc3 d5 4. Bg5 Bg7 5. e3 c5 6. Nf3 cxd4 7. exd4 O-O 8. Bxf6
Bxf6 9. cxd5 Nd7 10. Bc4 Nb6 11. Bb3 Bg4 12. O-O Rc8 13. Rb1 Qd7 14. Re1 Bxf3
15. Qxf3 Bxd4 16. Ne4 Bg7 17. Rbd1 Nc4 18. Bxc4 Rxc4 19. d6 exd6 20. Nxd6 Rd4
21. Nxb7 Rxd1 22. Rxd1 Qa4 23. b3 Qxa2 24. g3 h5 25. Rd7 Qa1+ 26. Kg2 Qf6 27.
Qe4 Qe5 28. Qc4 Qf5 29. Rd5 Qe6 30. Nd8 Qe7 31. Nc6 Qb7 32. b4 a6 33. h4 Ra8 34.
Kg1 Re8 35. Ra5 Re1+ 36. Kg2 Ra1 37. Rd5 Re1 38. Ra5 Ra1 39. Rg5 Kh8 40. Rd5 Kg8
41. Qe4 Bf8 42. Qc4 Re1 43. g4 hxg4 44. h5 Re6 45. Nd8 Qa8 46. Kf1 Re8 47. hxg6
Kg7 48. gxf7 Rxd8 49. Qxg4+ Kxf7 50. Qf5+ Ke7 51. Qe4+ Kf7 52. Rf5+ Kg7 53. Qg4+
Kh7 54. Rf7+ 1-0

[Event "19th Dubai Open 2017"]
[Site "Dubai UAE"]
[Date "2017.04.08"]
[Round "5.13"]
[White "Shyaamnikhil, P"]
[Black "Jones, Gawain C B"]
[Result "0-1"]
[WhiteTitle "IM"]
[BlackTitle "GM"]
[WhiteElo "2454"]
[BlackElo "2671"]
[WhiteFideId "5024218"]
[BlackFideId "409561"]
[EventDate "2017.04.03"]

1. e4 d6 2. d4 Nf6 3. Nc3 g6 4. f4 Bg7 5. Bd3 O-O 6. Nf3 Nc6 7. e5 dxe5 8. fxe5
Nh5 9. Be3 Bg4 10. Be2 f6 11. exf6 exf6 12. Qd2 Kh8 13. O-O-O Ne7 14. h3 Be6 15.
d5 Bf7 16. Bc5 Re8 17. Bb5 c6 18. dxc6 Qxd2+ 19. Nxd2 Nxc6 20. Nc4 Bxc4 21. Bxc4
Ng3 22. Rhg1 f5 23. Bf2 f4 24. Nd5 Ne2+ 25. Bxe2 Rxe2 26. Rgf1 g5 27. h4 h6 28.
hxg5 hxg5 29. g3 f3 30. Bc5 b6 31. Ba3 f2 32. Rd2 Rxd2 33. Kxd2 Rd8 34. c4 b5
35. Ke2 bxc4 36. Ne3 Bd4 37. Nxc4 Re8+ 38. Kf3 Ne5+ 39. Nxe5 Rxe5 40. Bb4 Re3+
41. Kg4 Bb6 42. Bc3+ Kg8 43. a4 Re4+ 44. Kxg5 Rxa4 45. Kf5 Kf7 46. g4 Be3 47.
Be5 Rc4 48. g5 Rc1 49. g6+ Kg8 0-1

[Event "19th Dubai Open 2017"]
[Site "Dubai UAE"]
[Date "2017.04.08"]
[Round "5.14"]
[White "Rakhmanov, Aleksandr"]
[Black "Visakh, N R"]
[Result "1/2-1/2"]
[WhiteTitle "GM"]
[BlackTitle "IM"]
[WhiteElo "2665"]
[BlackElo "2464"]
[WhiteFideId "4173708"]
[BlackFideId "25012223"]
[EventDate "2017.04.03"]

1. d4 d5 2. Nf3 Nf6 3. e3 g6 4. c4 Bg7 5. Nc3 O-O 6. Qb3 c6 7. Bd2 e6 8. Bd3
Nbd7 9. O-O Re8 10. Rac1 a6 11. Rfd1 dxc4 12. Qxc4 Rb8 13. Be1 b5 14. Qb4 Bf8
15. Qb3 c5 16. Be2 c4 17. Qc2 Bb7 18. a4 Ba8 19. axb5 axb5 20. Ra1 Qc7 21. Ra6
Nd5 22. Nxd5 Bxd5 23. Rda1 Ra8 24. Rxa8 Rxa8 25. Rxa8 Bxa8 26. b3 Nb6 27. Ba5
Qa7 28. Bxb6 Qxb6 29. bxc4 bxc4 30. Ne5 Bd6 31. Nxc4 Qc7 32. g3 Bd5 33. e4 Bxc4
34. Bxc4 Bf8 35. Qd3 Qd7 36. h4 Bg7 37. e5 Bf8 38. d5 exd5 39. Bxd5 Bg7 40. Qe4
Qf5 41. Qxf5 gxf5 42. e6 fxe6 43. Bxe6+ Kf8 44. Bxf5 h6 45. Kg2 Bc3 46. g4 Bf6
47. Kg3 Kg7 48. Bc2 Be7 49. f4 Bd8 50. g5 hxg5 51. hxg5 Bc7 52. Kg4 Bd6 53. Ba4
Bc7 54. Be8 Bd6 55. f5 Be7 56. f6+ Bxf6 57. gxf6+ Kxf6 1/2-1/2

[Event "19th Dubai Open 2017"]
[Site "Dubai UAE"]
[Date "2017.04.08"]
[Round "5.15"]
[White "Mareco, Sandro"]
[Black "Debashis, Das"]
[Result "1/2-1/2"]
[WhiteTitle "GM"]
[BlackTitle "GM"]
[WhiteElo "2655"]
[BlackElo "2501"]
[WhiteFideId "112275"]
[BlackFideId "5024854"]
[EventDate "2017.04.03"]

1. c4 Nf6 2. Nc3 e6 3. d4 Bb4 4. e3 O-O 5. Ne2 Re8 6. a3 Bf8 7. g3 d5 8. cxd5
exd5 9. Bg2 a5 10. O-O Na6 11. f3 c5 12. Bd2 b6 13. g4 Nc7 14. Rf2 Ne6 15. h3
Ba6 16. a4 Rc8 17. Bf1 Bd6 18. Nb5 Bb8 19. Nf4 Bxf4 20. exf4 Nxd4 21. Nxd4 Bxf1
22. Qxf1 cxd4 23. Re2 Rxe2 24. Qxe2 Nd7 25. Re1 Nc5 26. Qb5 h6 27. Kg2 d3 28.
Re5 Qd6 29. b4 axb4 30. Bxb4 Qf6 31. Bd2 Ne6 32. Qxd3 Nxf4+ 33. Bxf4 Qxf4 34.
Rxd5 1/2-1/2

[Event "19th Dubai Open 2017"]
[Site "Dubai UAE"]
[Date "2017.04.08"]
[Round "5.16"]
[White "Dimakiling, Oliver"]
[Black "Salem, A.R. Saleh"]
[Result "1/2-1/2"]
[WhiteTitle "IM"]
[BlackTitle "GM"]
[WhiteElo "2406"]
[BlackElo "2652"]
[WhiteFideId "5202248"]
[BlackFideId "9301348"]
[EventDate "2017.04.03"]

1. Nf3 Nf6 2. c4 g6 3. g3 Bg7 4. Bg2 O-O 5. Nc3 d6 6. d3 e5 7. h3 Re8 8. e4 a6
9. O-O c6 10. d4 Nbd7 11. Be3 b5 12. dxe5 Nxe5 13. Nxe5 dxe5 14. c5 Be6 15. Qc2
a5 16. Rad1 Qc8 17. Kh2 Rb8 18. b3 Bf8 19. f4 exf4 20. Bxf4 Nd7 21. Bxb8 Qxb8
22. e5 Nxc5 23. Bxc6 Rc8 24. Qg2 Qxe5 25. Nd5 Bxh3 26. Nf6+ Qxf6 27. Rxf6 Bxg2
28. Bxg2 Ne6 29. Rd7 Ng5 30. Bd5 Rc2+ 31. Kh1 Kh8 32. Rf1 b4 33. Rd8 Kg7 34. Rd7
Kh8 35. Rd8 Kg7 36. Rd7 1/2-1/2

[Event "19th Dubai Open 2017"]
[Site "Dubai UAE"]
[Date "2017.04.08"]
[Round "5.18"]
[White "Bok, Benjamin"]
[Black "Tissir, Mohamed"]
[Result "1-0"]
[WhiteTitle "GM"]
[BlackTitle "IM"]
[WhiteElo "2605"]
[BlackElo "2364"]
[WhiteFideId "1017063"]
[BlackFideId "9000240"]
[EventDate "2017.04.03"]

1. Nf3 Nf6 2. g3 g6 3. Bg2 Bg7 4. c4 O-O 5. d4 d6 6. Nc3 c6 7. O-O Bf5 8. Ne1
Qc8 9. e4 Bh3 10. f3 Bxg2 11. Kxg2 e5 12. d5 c5 13. Be3 Nbd7 14. Nd3 a6 15. Qe2
Ne8 16. Rfb1 f5 17. b4 cxb4 18. Rxb4 Nef6 19. Rab1 h5 20. Nf2 h4 21. Rxb7 hxg3
22. hxg3 Nh5 23. exf5 gxf5 24. g4 Nc5 25. R7b6 fxg4 26. fxg4 Nf4+ 27. Bxf4 exf4
28. Qf3 Nd7 29. Rc6 Qe8 30. Rxd6 Ne5 31. Qe4 Qe7 32. Rdb6 Qh4 33. Rh1 Qg3+ 34.
Kf1 Qxc3 35. Qh7+ Kf7 36. Rb7+ Ke8 37. Qxg7 Qxc4+ 38. Kg1 Nf7 39. Rxf7 Rxf7 40.
Rh8+ Ke7 41. Qe5+ 1-0

[Event "19th Dubai Open 2017"]
[Site "Dubai UAE"]
[Date "2017.04.08"]
[Round "5.19"]
[White "Nishant, Malhotra"]
[Black "Idani, Pouya"]
[Result "0-1"]
[BlackTitle "GM"]
[WhiteElo "2197"]
[BlackElo "2573"]
[WhiteFideId "5099129"]
[BlackFideId "12510130"]
[EventDate "2017.04.03"]

1. d4 Nf6 2. c4 e6 3. g3 c5 4. d5 exd5 5. cxd5 d6 6. Nc3 g6 7. Nf3 Bg7 8. Bg2
O-O 9. O-O Re8 10. Bf4 Na6 11. Re1 Bg4 12. h3 Bf5 13. Nd2 Nh5 14. e4 Nxf4 15.
gxf4 Bd7 16. Nc4 Qf6 17. e5 dxe5 18. fxe5 Qg5 19. Qf3 Nb4 20. Ne4 Qf5 21. Qg3
Rxe5 22. Nxe5 Bxe5 23. Qb3 Qf4 24. Ng3 Bd4 25. Re4 Qxf2+ 26. Kh2 Qxb2 27. Qxb2
Bxb2 28. Rb1 Bf6 29. Rf1 Bd8 30. a3 Nc2 31. Rc1 Nxa3 32. Rxc5 Nb5 33. Bf1 Nd6
34. Re1 f5 35. Bd3 Kf8 36. Ne2 Bb6 37. Rcc1 Re8 38. Ng1 Be3 39. Ra1 a5 40. Nf3
a4 41. Kg2 Kg7 42. Ra2 Kf6 43. Rc2 Bb6 44. Rb1 Bd8 45. Nd4 Re3 46. Bf1 f4 47.
Rb4 Bxh3+ 48. Kf2 Ne4+ 0-1

[Event "19th Dubai Open 2017"]
[Site "Dubai UAE"]
[Date "2017.04.08"]
[Round "5.20"]
[White "Anton Guijarro, David"]
[Black "Tania, Sachdev"]
[Result "1-0"]
[WhiteTitle "GM"]
[BlackTitle "IM"]
[WhiteElo "2679"]
[BlackElo "2429"]
[WhiteFideId "2285525"]
[BlackFideId "5007844"]
[EventDate "2017.04.03"]

1. e4 e5 2. Nf3 Nc6 3. Bc4 Bc5 4. O-O Nf6 5. d3 O-O 6. h3 d5 7. exd5 Nxd5 8. Re1
Nb6 9. Bb3 Bd6 10. a4 Nd4 11. Nxd4 exd4 12. Nd2 Nd7 13. Ne4 Be7 14. Qf3 Nc5 15.
Nxc5 Bxc5 16. a5 Rb8 17. Bf4 Bd6 18. Qg3 b6 19. axb6 Rxb6 20. Rxa7 Ba6 21. Be5
g6 22. Bxd6 Rxd6 23. Qe5 Qb8 24. Qc5 1-0